[Event "Las Palmas Cabildo op"]
[Site "Las Palmas"]
[Date "2017.03.24"]
[Round "5"]
[White "Perez Bolanos, Joel"]
[Black "Falcon Diaz, Francisco Samuel"]
[Result "0-1"]
[WhiteElo "1315"]
[BlackElo "1654"]
[PlyCount "64"]
[EventDate "2017.03.10"]
[EventType "swiss"]
[EventRounds "7"]
[EventCountry "ESP"]
[SourceTitle "EXT 2018"]
[Source "ChessBase"]
[SourceDate "2017.10.13"]
[SourceVersion "1"]
[SourceVersionDate "2017.10.13"]
[SourceQuality "1"]

1. e4 c5 2. Nf3 e6 3. d4 cxd4 4. Nxd4 a6 5. Bd3 Nc6 6. Nb3 d5 7. Nc3 d4 8. Ne2 e5 9. 0-0 Be6 10. Bd2 Be7 11. Ng3 Nf6 12. Nh5 Nxh5 13. Qxh5 Qd7 14. Qe2 Bg4 15. f3 Be6 16. Bc4 Rd8 17. Bxe6 Qxe6 18. Rad1 0-0 19. a3 d3 20. Qe3 dxc2 21. Rc1 Nd4 22. Nxd4 exd4 23. Qd3 Rc8 24. Rxc2 Rxc2 25. Qxc2 Rc8 26. Qd3 Qb6 27. Rc1 Rxc1+ 28. Bxc1 Qc7 29. Bd2 Bd6 30. Qxd4 Bc5 31. Qxc5 Qxc5+ 32. Kf1 Qb5+ 0-1

[Event "Gran Canaria Dominguez Memorial 3rd"]
[Site "Gran Canaria"]
[Date "2016.05.19"]
[Round "2"]
[White "Falcon Diaz, Francisco Samuel"]
[Black "Cruz Pino, Adrian"]
[Result "0-1"]
[WhiteElo "1675"]
[BlackElo "2087"]
[PlyCount "96"]
[EventDate "2016.05.17"]
[EventType "swiss"]
[EventRounds "7"]
[EventCountry "ESP"]
[SourceTitle "CBM 172 Extra"]
[Source "ChessBase"]
[SourceDate "2016.06.21"]
[SourceVersion "1"]
[SourceVersionDate "2016.06.21"]
[SourceQuality "1"]

1. b3 Nf6 2. Bb2 g6 3. c4 d6 4. e3 Bg7 5. Be2 e5 6. d4 exd4 7. exd4 d5 8. Nf3 0-0 9. 0-0 Nc6 10. Nc3 Ne7 11. Ba3 Re8 12. Re1 a6 13. Qc2 h6 14. Bd3 Be6 15. h3 c6 16. Rad1 Nf5 17. g4 Nd6 18. Ne5 Nh7 19. Nxg6 Ng5 20. Nf4 Nf3+ 21. Kf1 dxc4 22. Bh7+ Kh8 23. Rxe6 Rxe6 24. d5 cxd5 25. Ncxd5 Nb5 26. Nxe6 fxe6 27. Be7 Nbd4 28. Bxd8 Nxc2 29. Bxc2 Rxd8 30. Nf4 Nd2+ 31. Ke2 c3 32. Ng2 Kg8 33. Ne1 Rf8 34. Nd3 Nf3 35. Ne1 Ng1+ 36. Ke3 Nxh3 37. Nf3 Nf4 38. Rd7 Nd5+ 39. Ke2 Nb4 40. Ne1 Rb8 41. a3 Nc6 42. Nf3 Rf8 43. Rd3 Rf4 44. Nh2 Nd4+ 45. Ke3 Be5 46. Rxc3 Rf8 47. Rc5 Nxc2+ 48. Rxc2 Bxh2 0-1

[Event "Las Palmas Centro Goya op"]
[Site "Las Palmas"]
[Date "2014.12.04"]
[Round "4"]
[White "Falcon Diaz, Francisco Samuel"]
[Black "Yingrui, Lin"]
[Result "0-1"]
[WhiteElo "1665"]
[BlackElo "1665"]
[PlyCount "108"]
[EventDate "2014.12.01"]
[EventType "swiss"]
[EventRounds "9"]
[EventCountry "ESP"]
[SourceTitle "CBM 163 Extra"]
[Source "ChessBase"]
[SourceDate "2014.12.23"]
[SourceVersion "1"]
[SourceVersionDate "2014.12.23"]
[SourceQuality "1"]

1. e4 e5 2. Nf3 Nc6 3. Bb5 a6 4. Ba4 Nf6 5. 0-0 Be7 6. Re1 b5 7. Bb3 0-0 8. c3 d6 9. d4 exd4 10. cxd4 Bg4 11. Qd3 Bxf3 12. gxf3 Re8 13. Nd2 Nb4 14. Qe3 c5 15. a3 Nc6 16. d5 Nd4 17. Nf1 Nd7 18. f4 Bf6 19. Qg3 c4 20. Bd1 Nc5 21. e5 Bh4 22. Qe3 Nd3 23. Ng3 Nxe1 24. Qxe1 Bxg3 25. fxg3 dxe5 26. fxe5 Qxd5 27. Bf4 Nc6 28. Qf2 Nxe5 29. Bc2 Ng4 30. Qf1 Qd4+ 31. Kg2 Ne3+ 32. Bxe3 Rxe3 33. Rd1 Qe5 34. Rd2 Re8 35. Bd1 Rd3 36. Rf2 Red8 37. Bf3 Rd2 38. Qc1 Rxf2+ 39. Kxf2 Qd4+ 40. Kf1 Re8 41. Kg2 Rd8 42. Kf1 Qd3+ 43. Be2 Qd2 44. Qb1 Re8 45. Qe1 Qxe1+ 46. Kxe1 f6 47. Kd2 Kf7 48. Bf3 Ke6 49. Kc3 Ke5 50. Bb7 Re6 51. Bc8 Rb6 52. Bh3 Ke4 53. Kd2 Kf3 54. Bf1 Kf2 0-1

[Event "Gran Canaria Dominguez Memoral 1st"]
[Site "Gran Canaria"]
[Date "2014.03.17"]
[Round "1"]
[White "Falcon Diaz, Francisco Samuel"]
[Black "Brito Garcia, Alfredo"]
[Result "0-1"]
[WhiteElo "1664"]
[BlackElo "2314"]
[PlyCount "84"]
[EventDate "2014.03.17"]
[EventType "swiss"]
[EventRounds "7"]
[EventCountry "ESP"]
[SourceTitle "EXT 2015"]
[Source "ChessBase"]
[SourceDate "2014.11.20"]
[SourceVersion "1"]
[SourceVersionDate "2014.11.20"]
[SourceQuality "1"]

1. e4 e5 2. Nf3 Nc6 3. Bb5 Nf6 4. 0-0 Nxe4 5. Re1 Nd6 6. Bxc6 dxc6 7. Nxe5 Be7 8. d4 0-0 9. c3 Be6 10. Nd2 Nf5 11. Nf1 c5 12. Ne3 Nxe3 13. fxe3 Bd6 14. Qf3 c6 15. e4 cxd4 16. cxd4 c5 17. Be3 cxd4 18. Bxd4 Qb8 19. Ng4 Bxg4 20. Qxg4 Bxh2+ 21. Kf2 Be5 22. Rad1 Bxd4+ 23. Rxd4 Qe5 24. Red1 f5 25. exf5 Rxf5+ 26. Kg1 Raf8 27. Qe4 Qf6 28. Qe2 Rf2 29. Qc4+ Kh8 30. R4d2 Rf4 31. Qc5 b6 32. Qe3 h6 33. Qg3 Qe5 34. Qh3 Qc5+ 35. Kh2 Qg5 36. Rd5 R8f5 37. Rxf5 Qxf5 38. Qxf5 Rxf5 39. Rd7 a5 40. Kg3 Kh7 41. Rd6 Rf6 42. Rd5 Kg6 0-1

[Event "Las Palmas Insular-chT Primera-B"]
[Site "Las Palmas"]
[Date "2012.03.10"]
[Round "12.4"]
[White "Falcon Diaz, Francisco Samuel"]
[Black "Galindo Espino, Fidel"]
[Result "1-0"]
[WhiteElo "1600"]
[BlackElo "1969"]
[PlyCount "104"]
[EventDate "2011.11.12"]
[EventType "team-tourn"]
[EventRounds "14"]
[EventCountry "ESP"]
[SourceTitle "EXT 2013"]
[Source "ChessBase"]
[SourceDate "2012.11.22"]
[SourceVersion "1"]
[SourceVersionDate "2012.11.22"]
[SourceQuality "1"]
[WhiteTeam "Club de Ajedrez Guea"]
[BlackTeam "Telde Los Llanos II"]
[WhiteTeamCountry "ESP"]
[BlackTeamCountry "ESP"]

1. e4 c5 2. Nf3 e6 3. d4 cxd4 4. Nxd4 a6 5. Be3 Nf6 6. Nc3 Qc7 7. Bd3 Nc6 8. Nf3 Be7 9. h3 b5 10. 0-0 0-0 11. a3 Bb7 12. Ne2 d5 13. exd5 Nxd5 14. Qd2 Nxe3 15. Qxe3 Bf6 16. c3 g6 17. Qh6 Bg7 18. Qh4 Ne5 19. Nxe5 Qxe5 20. Qg3 Qxg3 21. Nxg3 f5 22. Rfc1 e5 23. f3 Rfd8 24. Rd1 Bf6 25. Nf1 Kg7 26. Bc2 Rxd1 27. Rxd1 Rd8 28. Rxd8 Bxd8 29. Kf2 Kf6 30. Bb3 Bb6+ 31. Ke2 h6 32. Ne3 Kg5 33. Nd5 Ba7 34. g3 f4 35. h4+ Kf5 36. g4+ Ke6 37. Nxf4+ Kf6 38. Nd5+ Bxd5 39. Bxd5 a5 40. Bc6 b4 41. axb4 axb4 42. c4 Bc5 43. b3 g5 44. h5 Ke6 45. Kd3 Kd6 46. Bd5 Ba7 47. Ke4 Bd4 48. Kf5 Ke7 49. Kg6 Bc3 50. Kxh6 Kf6 51. Kh7 Bd4 52. Kg8 Be3 1-0